Score 0/20 Timer 05:00
3 Plays Today
% Correct
Abe Simpson (The Simpsons)
98.4%
Sophia Petrillo (Golden Girls)
85.2%
Frank Barone (Everybody Loves Raymond)
82.7%
Carter Pewterschmidt (Family Guy)
79.9%
Martin Crane (Frasier)
76.8%
Cotton Hill (King of the Hill)
76.5%
Jay Pritchett (Modern Family)
76.1%
Count Sam Dracula (The Munsters)
76%
Archie Bunker (All in the Family)
73.6%
Russell Huxtable (The Cosby Show)
71.5%
% Correct
George Bluth Sr. (Arrested Development)
67.2%
Jack Geller (Friends)
63.3%
Evelyn Harper (Two and a Half Men)
54.8%
Beverly Harris (Roseanne)
46.7%
Estelle Winslow (Family Matters)
45.3%
Zeb Walton (The Waltons)
41.7%
Livia Soprano (The Sopranos)
27.4%
Robert Freeman (The Boondocks)
23.4%
Christian Shephard (LOST)
14.6%
Sylvia (The Office, US)
5.3%
Remove Ads.
Support Sporcle.
Get the best of Sporcle when you Go Orange. This ad-free experience offers more features, more stats, and more fun while also helping to support Sporcle. Thank you for becoming a member.

You're not logged in!

Compare scores with friends on all Sporcle quizzes.
OR
Log In

Show Comments

Extras

Top Quizzes Today


Score Distribution

Your Account Isn't Verified!

In order to create a playlist on Sporcle, you need to verify the email address you used during registration. Go to your Sporcle Settings to finish the process.

Report this User

Report this user for behavior that violates our Community Guidelines.

Details: